|
|
|
|
| LEADER |
01302nam a22003132a 4500 |
| 001 |
000045507 |
| 003 |
CZ BrMZK |
| 005 |
20100119125649.0 |
| 007 |
ta |
| 008 |
951201s1957 xr f cze d |
| 015 |
|
|
|a cnb000682226
|
| 035 |
|
|
|a (OCoLC)85459612
|
| 040 |
|
|
|a BOA001
|b cze
|
| 100 |
1 |
|
|a Petrů, Eduard,
|d 1928-2006
|7 jk01092841
|4 aut
|
| 245 |
1 |
0 |
|a Soupis díla Petra Chelčického a literatury o něm /
|c Eduard Petrů
|
| 250 |
|
|
|a Vydání 1.
|
| 260 |
|
|
|a Praha :
|b Státní pedagogické nakladatelství,
|c 1957
|
| 300 |
|
|
|a 218 s.
|
| 490 |
1 |
|
|a Publikace vědecké literatury ;
|v č. 5/1957
|
| 546 |
|
|
|a Anglické, německé a ruské resumé
|
| 710 |
2 |
2 |
|a Universitní knihovna (Olomouc, Česko)
|7 ko20010092587
|
| 830 |
|
0 |
|a Publikace vědecké literatury (Universitní knihovna v Olomouci)
|
| 910 |
|
|
|a BOA001
|b PK-A-0005.404
|b 1-0388.906
|
| 920 |
|
|
|a 000143834
|
| 964 |
|
|
|a Chelčický, Petr - ca 1390-ca 1460 - jk01050130 - dílo - bibliografie
|
| 990 |
|
|
|a BK
|
| 996 |
6 |
|
|b 2619949777
|c 1-0388.906
|l MZK
|r Sklad / do 1 hodiny
|n 6
|w 000045507
|u 000050
|a 1
|e BOA001
|j MZK50
|s P
|
| 996 |
7 |
|
|b 2619953047
|c 1-0388.906
|l MZK
|r Sklad / do 1 hodiny
|n 26
|w 000045507
|u 000040
|a 1
|e BOA001
|j MZK50
|s A
|
| 996 |
7 |
|
|b 3119984091
|c PK-A-0005.404
|l MZK
|r Sklad / do 1 hodiny
|n 10
|w 000045507
|u 000010
|a 1
|e BOA001
|j MZK50
|s A
|